000 00672nam a2200241Ia 4500
003 OSt
005 20220924121327.0
006 a|||||r|||| 00| 0
007 ta
008 220923b |||||||| |||| 00| 0 tel d
024 _a345010
037 _cTextual
040 _aARTS
_cARTS
_btel
041 _2tel
_atel
082 _aO15,1A1, 35M9
100 _aYadavalli Veera Raghava Swami Au.
_9185308
245 0 _aSri Rama Katha kandamu
260 _aHyderabad
_bIndia
_c1989
300 _a222p.
_ccm.
650 _aSANSKRIT LITERATURE
942 _hO15,1A1, 35M9
_cTEXL
_2CC
999 _c406945
_d406945